000 00571nam a2200229Ia 4500
003 OSt
005 20220924144320.0
006 a|||||r|||| 00| 0
007 ta
008 220923b |||||||| |||| 00| 0 urd d
024 _a313552
037 _cTextual
040 _aARTS
_cARTS
_burd
041 _2urd
_aurd
082 _aO168,1M79,1:g, G8
100 _aBarjang Azeez
_9185472
245 0 _aNaqd-e-Sukhan
260 _c1938
650 _aURDU POETRY
942 _hO168,1M79,1:g, G8
_cTEXL
_2CC
999 _c456739
_d456739